| 000 | 00515nam a2200181Ia 4500 | ||
|---|---|---|---|
| 999 |
_c871 _d871 |
||
| 003 | OSt | ||
| 005 | 20210827144405.0 | ||
| 008 | 190216s9999||||xx |||||||||||||| ||und|| | ||
| 020 | _a9789772775844 | ||
| 040 | _coclc | ||
| 082 |
_a892.71 _bSAL/A |
||
| 100 |
_aSaleem, Mohamed Ibrahim _98721 |
||
| 245 | 0 |
_aAboo Thayyib Al Muthanabbi / _cMohamed Ibrahim Saleem |
|
| 260 |
_bDarul Thala, _c2013. _aCairo: |
||
| 300 | _a79p | ||
| 650 | _aArabic | ||
| 942 |
_cBK _2ddc _h892.71 _iSAL/A _k892.71 _mSAL/A |
||